000 00727nam a2200193Ia 4500
999 _c9130
_d9130
005 20230905144138.0
008 230903s9999 xx 000 0 und d
020 _a84-8088-981-0
040 _aUPAN
_cBiblioteca San Vicente
_eRCAA2
041 _aspa
082 _a658.7
_bS487l
_c2005
100 _aSerra de la Figuera, Daniel
_4aut.
245 0 _aLa logística empresarial:
_ben el nuevo milenio/
_cDaniel Serra de la Figueroa
260 _aEspaña:
_bGestión 2000,
_c2005
300 _a255 p.;
_c23 cm.
505 _a1. Logística empresarial 2. Políticas publicas en el sector logístico 3. Nuevos retos en la gestión de la logística empresarial 4. Conclusiones
650 _2LEMB
_xInnovación
942 _cBK
_2ddc